[Event "World Blitz 2025"]
[Site "Doha QAT"]
[Date "2025.12.30"]
[Round "15.98"]
[White "Motylev, Alexander"]
[Black "Murshed, Niaz"]
[Result "1-0"]
[WhiteTitle "GM"]
[BlackTitle "GM"]
[WhiteElo "2573"]
[BlackElo "2341"]
[WhiteFideId "4121830"]
[BlackFideId "10200010"]
[EventDate "2025.12.29"]

1. d4 Nf6 2. g3 d5 3. Nf3 c6 4. Bg2 Bf5 5. c4 e6 6. Nc3 Nbd7 7. Qb3 Qb6 8. c5
Qxb3 9. axb3 a6 10. b4 Rc8 11. Nh4 Bc2 12. Kd2 Bg6 13. Nxg6 hxg6 14. f4 Be7 15.
Kc2 O-O 16. Bd2 Rfe8 17. h3 Bd8 18. g4 Bc7 19. Bf3 Nf8 20. e3 N6h7 21. g5 f6 22.
h4 f5 23. Rh2 Nd7 24. Rah1 Nhf8 25. Nd1 Kf7 26. Nf2 Ke7 27. Nd3 Kd8 28. h5 gxh5
29. Bxh5 g6 30. Bf3 Ra8 31. Rh8 Kc8 32. Rg8 Kd8 33. Rhh8 Ke7 34. Rg7+ Kd8 35.
Ne1 a5 36. b5 cxb5 37. Be2 b6 38. c6 Nb8 39. Bxb5 Na6 40. Ng2 Bd6 41. c7+ Nxc7
42. Bxe8 Nxe8 43. Rf7 Nd7 44. Nh4 Rc8+ 45. Kd1 Kc7 46. Nxg6 Kc6 47. Ne7+ Bxe7
48. Rxe7 Kd6 49. Rexe8 1-0

[Event "World Blitz 2025"]
[Site "Doha QAT"]
[Date "2025.12.30"]
[Round "15.99"]
[White "Rodrigue-Lemieux, Shawn"]
[Black "Raja, Rithvik R"]
[Result "1-0"]
[WhiteTitle "GM"]
[BlackTitle "GM"]
[WhiteElo "2517"]
[BlackElo "2541"]
[WhiteFideId "2620049"]
[BlackFideId "35007394"]
[EventDate "2025.12.29"]

1. e4 c5 2. Nf3 d6 3. Bb5+ Nd7 4. O-O a6 5. Bd3 Ngf6 6. Re1 b6 7. c3 Ne5 8. Be2
Nxf3+ 9. Bxf3 e5 10. d4 Be7 11. Nd2 O-O 12. Nf1 Qc7 13. Ng3 g6 14. Bh6 Re8 15.
d5 Bf8 16. Bg5 Bg7 17. Qd2 b5 18. h4 h5 19. Nf1 Ng4 20. Bxg4 Bxg4 21. Nh2 Bd7
22. Rf1 Kh7 23. f4 f6 24. fxe5 fxg5 25. e6 Bxe6 26. dxe6 Rxe6 27. Nf3 Bf6 28.
Nxg5+ Bxg5 29. hxg5 Rae8 30. Rf6 Rxe4 31. Raf1 R8e7 32. Qd5 Kg7 33. Rxg6+ Kxg6
34. Qf5+ Kg7 35. Qf8+ Kh7 36. Qh6+ 1-0

[Event "World Blitz 2025"]
[Site "Doha QAT"]
[Date "2025.12.30"]
[Round "15.100"]
[White "Suleimen, Ergali"]
[Black "Volokitin, Andrei"]
[Result "1-0"]
[WhiteTitle "IM"]
[BlackTitle "GM"]
[WhiteElo "2419"]
[BlackElo "2619"]
[WhiteFideId "13724452"]
[BlackFideId "14107090"]
[EventDate "2025.12.29"]

1. e4 c5 2. Nf3 d6 3. d4 cxd4 4. Nxd4 Nf6 5. Nc3 a6 6. Bc4 e6 7. Bb3 Nbd7 8. Be3
Nc5 9. f3 b5 10. a3 Bb7 11. Ba2 Be7 12. Qe2 O-O 13. g4 Rc8 14. g5 Nh5 15. Rg1 g6
16. O-O-O e5 17. Nf5 gxf5 18. exf5 Kh8 19. f6 Nxf6 20. gxf6 Bxf6 21. Bh6 Ne6 22.
Bxf8 Qxf8 23. Kb1 Nf4 24. Qe3 Rc5 25. Ne4 Bxe4 26. fxe4 h6 27. Qf3 Bg5 28. Qg4
Rc7 29. h4 Bf6 30. Qf5 Bxh4 31. Rg4 Bg5 32. Rxg5 hxg5 33. Qf6+ Kg8 34. Rh1 Qg7
35. Qd8+ 1-0

[Event "World Blitz 2025"]
[Site "Doha QAT"]
[Date "2025.12.30"]
[Round "15.101"]
[White "Can, Emre"]
[Black "Begmuratov, Khumoyun"]
[Result "1/2-1/2"]
[WhiteTitle "GM"]
[BlackTitle "IM"]
[WhiteElo "2541"]
[BlackElo "2451"]
[WhiteFideId "6302181"]
[BlackFideId "14210207"]
[EventDate "2025.12.29"]

1. e4 e5 2. Nf3 Nc6 3. Bc4 Nf6 4. d3 d5 5. exd5 Nxd5 6. O-O Bc5 7. Re1 O-O 8. h3
h6 9. Nbd2 Re8 10. Ne4 Be7 11. Ng3 Nb6 12. Bb3 Bd6 13. a4 a5 14. Be3 Be6 15.
Bxe6 Rxe6 16. Bxb6 cxb6 17. Nd2 g6 18. Nc4 Bc5 19. c3 Qc7 20. Qf3 Rd8 21. h4 h5
22. Ne4 Be7 23. Ng5 Bxg5 24. hxg5 Ne7 25. Re2 Nf5 26. Rae1 Rde8 27. Qd5 Rd8 28.
Qb5 Rxd3 29. Nxe5 Rd8 30. Nf3 Rxe2 31. Qxe2 Qc6 32. Qc2 Kg7 33. Qb3 Qc7 34. Qb5
Kh7 35. Ne5 Nd6 36. Qb3 Re8 37. Kf1 Kg7 38. Qd5 Nf5 39. Nf3 Rd8 40. Qe5+ Qxe5
41. Rxe5 Nd6 42. Re7 Nc4 43. Rxb7 Nxb2 44. Ne5 Rf8 45. Rxb6 Nxa4 46. Rc6 Re8 47.
f4 Rb8 48. Rc7 Rf8 49. Ke2 Nb6 50. c4 a4 51. c5 Nd5 52. Ra7 Nxf4+ 53. Ke3 Ne6
54. c6 Nxg5 55. Rxa4 Re8 56. Kd4 Ne6+ 57. Kd5 Kf6 58. Nd7+ Kf5 59. Kd6 g5 60.
Ra7 g4 61. Nc5 Rd8+ 62. Rd7 Rf8 63. Nxe6 fxe6 64. c7 Rc8 65. Rd8 Rxc7 66. Kxc7
Kf4 67. Kd6 h4 68. Kxe6 h3 69. gxh3 gxh3 70. Rd2 Kg3 71. Kf5 h2 72. Rd1 Kg2 73.
Kg4 h1=Q 74. Rd2+ Kg1 75. Rd1+ Kh2 76. Rxh1+ Kxh1 1/2-1/2

[Event "World Blitz 2025"]
[Site "Doha QAT"]
[Date "2025.12.30"]
[Round "15.102"]
[White "Tin, Jingyao"]
[Black "Galaviz Medina, Sion Radamantys"]
[Result "1-0"]
[WhiteTitle "GM"]
[BlackTitle "IM"]
[WhiteElo "2584"]
[BlackElo "2514"]
[WhiteFideId "5804418"]
[BlackFideId "5123119"]
[EventDate "2025.12.29"]

1. d4 d5 2. c4 e6 3. Nc3 Nf6 4. cxd5 exd5 5. Bg5 Be6 6. e3 c6 7. Bd3 Nbd7 8. Bf4
Be7 9. h3 O-O 10. Nf3 Ne8 11. Qc2 g6 12. h4 f5 13. Ng5 Ng7 14. O-O-O Rc8 15. Kb1
Nf6 16. f3 Bd6 17. Ne2 c5 18. Bxd6 Qxd6 19. dxc5 Rxc5 20. Qd2 Bd7 21. Nd4 Re8
22. Qf2 Rcc8 23. Rc1 Rxc1+ 24. Rxc1 f4 25. exf4 Qxf4 26. g3 Qe3 27. Qxe3 Rxe3
28. Bb5 Bxb5 29. Nxb5 h6 30. Rc8+ Nfe8 31. Nh3 Kf7 32. Rb8 Rxf3 33. Rxb7+ Kf6
34. Nf4 Rxg3 35. Nxd5+ Ke5 36. Nbc3 Nf5 37. Rxa7 Ned6 38. a4 Nc4 39. Rc7 Nfd6
40. Nb4 Rg2 41. Nd1 Rg1 42. Kc2 Rg2+ 43. Kb3 Rg3+ 44. Nc3 Rg2 45. Rxc4 Nxc4 46.
Kxc4 Rg4+ 47. Kc5 Rxh4 48. a5 Rh1 49. a6 Ra1 50. Nba2 Rf1 51. a7 Rf8 52. b4 h5
53. b5 h4 54. b6 h3 55. b7 h2 56. b8=Q+ Ke6 57. Qxh2 1-0

[Event "World Blitz 2025"]
[Site "Doha QAT"]
[Date "2025.12.30"]
[Round "15.103"]
[White "Sklokin, Sergey"]
[Black "Sapenov, Daniyal"]
[Result "1/2-1/2"]
[WhiteTitle "FM"]
[BlackTitle "IM"]
[WhiteElo "2407"]
[BlackElo "2440"]
[WhiteFideId "55730230"]
[BlackFideId "13728911"]
[EventDate "2025.12.29"]

1. e4 c5 2. Nf3 d6 3. d4 cxd4 4. Nxd4 Nf6 5. Nc3 a6 6. Bc4 e6 7. Be3 b5 8. Bb3
Be7 9. a3 O-O 10. f3 Bb7 11. Qe2 Nc6 12. O-O-O Qb8 13. g4 Nxd4 14. Bxd4 b4 15.
axb4 Bc6 16. h4 Qxb4 17. h5 Bb5 18. Qd2 Nd7 19. Kb1 a5 20. Nxb5 Qxb5 21. h6 g6
22. Qd3 Qb7 23. Ba4 Rab8 24. Bxd7 Qxd7 25. Bc3 Qc6 26. f4 Rfc8 27. Kc1 e5 28.
Rhf1 Qa4 29. Kd2 Qc6 30. Qd5 Qxd5+ 31. exd5 exf4 32. Ra1 Rc5 33. Rxa5 Rxa5 34.
Bxa5 Rxb2 35. Bc3 Rb5 36. Ra1 Rxd5+ 37. Ke2 f5 38. Ra8+ Kf7 39. Rh8 Bf6 40. Bxf6
Kxf6 41. gxf5 Rxf5 42. Rxh7 g5 43. Rd7 Kg6 44. Rxd6+ Kh7 45. Kf3 Rc5 46. Kg4
Rxc2 47. Kxg5 f3 48. Rd7+ Kh8 49. Rd8+ Kh7 50. Rd7+ Kh8 51. Rf7 Rg2+ 52. Kh5 f2
53. Rf8+ Kh7 54. Rf7+ Kg8 55. Rf3 Rh2+ 56. Kg5 Rg2+ 57. Kh5 Kh8 58. Rf4 Kh7 59.
Rf7+ Kh8 60. h7 Rh2+ 61. Kg6 Rg2+ 62. Kh6 Rh2+ 63. Kg5 Rg2+ 64. Kh5 Rh2+ 65. Kg5
Rg2+ 66. Kh6 Rh2+ 67. Kg6 Rg2+ 68. Kh6 Rh2+ 69. Kg6 Rg2+ 70. Kh5 Rh2+ 71. Kg6
Rg2+ 72. Kh6 Rh2+ 73. Kg5 1/2-1/2

[Event "World Blitz 2025"]
[Site "Doha QAT"]
[Date "2025.12.30"]
[Round "15.104"]
[White "Raja, Harshit"]
[Black "Nurgaliyev, Sauat"]
[Result "1-0"]
[WhiteTitle "GM"]
[BlackTitle "IM"]
[WhiteElo "2472"]
[BlackElo "2437"]
[WhiteFideId "5089000"]
[BlackFideId "13726285"]
[EventDate "2025.12.29"]

1. e4 d6 2. d4 Nf6 3. Nc3 e5 4. dxe5 dxe5 5. Qxd8+ Kxd8 6. Bc4 Ke8 7. Nf3 Bd6 8.
Be3 a6 9. O-O-O Nbd7 10. a4 b6 11. Nd5 Bb7 12. Rhe1 Nxd5 13. Bxd5 Bxd5 14. Rxd5
Nf6 15. Rd3 Ke7 16. Nd2 b5 17. f3 Rhd8 18. Rd1 Bb4 19. Rb3 Bxd2+ 20. Bxd2 c6 21.
Rc3 Rac8 22. Be3 Rxd1+ 23. Kxd1 Nd7 24. axb5 axb5 25. Ra3 Kd6 26. Kd2 f6 27. h4
h5 28. Ra7 Ke6 29. b3 Kd6 30. Kc3 Ke6 31. Kb4 Kd6 32. Ra1 Ke6 33. Bc5 Nb8 34.
Ra8 Kd7 35. Ra7+ Rc7 36. Ka5 Kc8 37. Ra8 Kb7 38. Rxb8+ Kxb8 39. Bd6 Kb7 40. Bxc7
Kxc7 41. Ka6 g5 42. g3 g4 43. fxg4 hxg4 44. h5 f5 45. h6 f4 46. h7 fxg3 47. h8=Q
g2 48. Qxe5+ Kd7 49. Qg3 g1=Q 50. Qxg1 g3 51. Qxg3 1-0

[Event "World Blitz 2025"]
[Site "Doha QAT"]
[Date "2025.12.30"]
[Round "15.105"]
[White "Kuandykuly, Danis"]
[Black "Idani, Pouya"]
[Result "0-1"]
[WhiteTitle "FM"]
[BlackTitle "GM"]
[WhiteElo "2372"]
[BlackElo "2611"]
[WhiteFideId "13752260"]
[BlackFideId "12510130"]
[EventDate "2025.12.29"]

1. e4 c5 2. Nf3 d6 3. d4 cxd4 4. Nxd4 Nf6 5. Nc3 a6 6. Bd3 e5 7. Nde2 Nc6 8. O-O
Be6 9. f4 exf4 10. Nxf4 Ne5 11. Kh1 Rc8 12. Be3 g6 13. Bd4 Bg7 14. Ncd5 Bxd5 15.
exd5 O-O 16. c3 Nfd7 17. Be2 Qg5 18. Qe1 Rce8 19. h4 Qd8 20. Qg3 Nf6 21. Rae1
Ne4 22. Qh3 Nd2 23. Rg1 Ne4 24. Bxa6 Ng4 25. Qxg4 Bxd4 26. Nd3 Bxg1 27. Kxg1
Qb6+ 28. Kh2 Nf2 29. Qf3 Rxe1 30. Nxe1 bxa6 31. Nc2 Re8 32. Nd4 Ne4 33. b4 Qd8
34. g3 Qf6 35. Qd3 Qf2+ 36. Kh3 Qe1 37. Qf3 Qxc3 38. Qf1 Qxd4 0-1

[Event "World Blitz 2025"]
[Site "Doha QAT"]
[Date "2025.12.30"]
[Round "15.106"]
[White "Dardha, Daniel"]
[Black "Shogdzhiev, Roman"]
[Result "1-0"]
[WhiteTitle "GM"]
[BlackTitle "IM"]
[WhiteElo "2603"]
[BlackElo "2403"]
[WhiteFideId "240990"]
[BlackFideId "55653537"]
[EventDate "2025.12.29"]

1. Nf3 d5 2. b3 Nf6 3. Bb2 Bf5 4. d3 e6 5. Nbd2 h6 6. e4 dxe4 7. dxe4 Nxe4 8.
Qe2 Nxd2 9. O-O-O Nc6 10. Rxd2 Bd6 11. g4 Bxg4 12. Rg1 Qg5 13. Nxg5 Bxe2 14.
Nxf7 Bxf1 15. Nxh8 Bf4 16. Rxf1 Bxd2+ 17. Kxd2 O-O-O+ 18. Ke3 Rxh8 19. Bxg7 Rh7
20. Rg1 Ne7 21. Ke4 Nf5 22. Bf6 Kd7 23. Rg8 Nd6+ 24. Ke5 Nf7+ 25. Kf4 h5 26. Rf8
Nh6 27. Kg5 Ng4 28. h3 Nxf6 29. Rxf6 Rg7+ 30. Kxh5 Rg2 31. h4 Ke7 32. Rf3 e5 33.
Kh6 Ke6 34. h5 Rg8 35. Kh7 Rg2 36. h6 Ke7 37. Re3 Kf6 38. Re2 Kf7 39. Rxe5 Rxf2
40. Rc5 c6 41. b4 a6 42. a4 Rf6 43. Rg5 b5 44. a5 Rf4 45. c3 Rf3 46. Rg7+ Kf8
47. Ra7 Rxc3 48. Rxa6 Rc4 49. Kg6 Rg4+ 50. Kf6 Kg8 51. Rxc6 Rxb4 52. a6 Ra4 53.
Kg6 Rg4+ 54. Kf5 Ra4 55. Rb6 Kh7 56. Kg5 Ra1 57. Rb7+ Kh8 58. a7 1-0

[Event "World Blitz 2025"]
[Site "Doha QAT"]
[Date "2025.12.30"]
[Round "15.108"]
[White "Donchenko, Alexander"]
[Black "Ibrahimli, Murad"]
[Result "1-0"]
[WhiteTitle "GM"]
[BlackTitle "IM"]
[WhiteElo "2661"]
[BlackElo "2438"]
[WhiteFideId "24603295"]
[BlackFideId "13410229"]
[EventDate "2025.12.29"]

1. e4 c5 2. Nf3 d6 3. Bb5+ Nd7 4. Ba4 Nf6 5. O-O e6 6. d3 Be7 7. c4 O-O 8. Nc3
a6 9. Qe2 Ne5 10. Nxe5 dxe5 11. f4 exf4 12. Bxf4 Nd7 13. Rf3 Bg5 14. Bg3 b5 15.
cxb5 Nb6 16. Bc2 axb5 17. Nxb5 Qd7 18. a4 Ba6 19. Nc7 Ra7 20. Nxa6 Rxa6 21. Bf2
Rc8 22. d4 c4 23. a5 Rca8 24. Rfa3 Nc8 25. Qxc4 Nd6 26. Qd3 g6 27. d5 Bf6 28.
R1a2 exd5 29. Qxd5 Qc7 30. Bd3 Rc6 31. e5 Rc1+ 32. Bf1 Rxf1+ 33. Kxf1 Qc1+ 34.
Be1 Qf4+ 35. Qf3 Qc4+ 36. Kg1 Re8 37. Qxf6 Nf5 38. Ra1 Qd4+ 39. Kh1 h5 40. a6 1-0

[Event "World Blitz 2025"]
[Site "Doha QAT"]
[Date "2025.12.30"]
[Round "15.77"]
[White "Rakotomaharo, Fy Antenaina"]
[Black "Ammar, Sedrani"]
[Result "1-0"]
[WhiteTitle "IM"]
[BlackTitle "FM"]
[WhiteElo "2434"]
[BlackElo "2203"]
[WhiteFideId "13100050"]
[BlackFideId "9312331"]
[EventDate "2025.12.29"]

1. e4 c6 2. Nf3 d5 3. d3 Nd7 4. exd5 cxd5 5. d4 Ngf6 6. Bd3 e6 7. O-O Bd6 8. Re1
O-O 9. Nbd2 h6 10. Ne5 Qc7 11. Ndf3 b6 12. Bf4 Bb7 13. Bg3 Ne4 14. Nxd7 Qxd7 15.
Bxd6 Nxd6 16. Ne5 Qc7 17. Qh5 a5 18. Ng4 Ba6 19. Bxa6 Rxa6 20. c3 b5 21. Re3 Nf5
22. Rf3 b4 23. Ne5 bxc3 24. bxc3 Rc8 25. g4 Nd6 26. g5 Nf5 27. gxh6 g6 28. Nxg6
fxg6 29. Qxg6+ Kh8 30. Qf6+ Kh7 31. Rxf5 exf5 32. Qxa6 Rg8+ 33. Kh1 Qe7 34. Qd3
Qg5 35. Qf3 f4 36. Re1 Rg6 37. a4 Kxh6 38. Qh3+ Kg7 39. Rb1 Qe7 40. Qf3 Qe6 41.
Qxf4 Qe7 1-0

[Event "World Blitz 2025"]
[Site "Doha QAT"]
[Date "2025.12.30"]
[Round "15.78"]
[White "Tran, Thanh Tu"]
[Black "Urkedal, Frode Olav Olsen"]
[Result "0-1"]
[WhiteTitle "IM"]
[BlackTitle "GM"]
[WhiteElo "2402"]
[BlackElo "2568"]
[WhiteFideId "12401404"]
[BlackFideId "1506102"]
[EventDate "2025.12.29"]

1. d4 Nf6 2. Nf3 d5 3. c3 g6 4. h3 Bg7 5. Bf4 O-O 6. e3 c5 7. Nbd2 Qb6 8. Qb3 c4
9. Qa3 Nc6 10. b3 cxb3 11. axb3 Ne4 12. Nxe4 dxe4 13. Nd2 e5 14. Nc4 Qc7 15. Bh2
Be6 16. Be2 b5 17. Nd2 b4 18. cxb4 Qb7 19. b5 Nxd4 20. exd4 exd4 21. Bc4 d3 22.
Rd1 e3 23. Nf3 Bc3+ 24. Rd2 exd2+ 25. Kd1 Bxc4 26. bxc4 Qe4 0-1

[Event "World Blitz 2025"]
[Site "Doha QAT"]
[Date "2025.12.30"]
[Round "15.79"]
[White "Musovic, Armin"]
[Black "Harikrishnan, A. Ra"]
[Result "0-1"]
[WhiteTitle "FM"]
[BlackTitle "GM"]
[WhiteElo "2190"]
[BlackElo "2531"]
[WhiteFideId "939935"]
[BlackFideId "5081483"]
[EventDate "2025.12.29"]

1. a3 d5 2. d4 c6 3. c4 Nf6 4. Nf3 Bf5 5. Nc3 e6 6. g3 Nbd7 7. Bg2 h6 8. O-O
dxc4 9. a4 a5 10. b3 Bb4 11. Bb2 cxb3 12. Qxb3 O-O 13. Nd2 e5 14. e4 exd4 15.
exf5 dxc3 16. Bxc3 Bxc3 17. Qxc3 Nb6 18. Nc4 Nbd5 19. Qb3 Nb4 20. Rad1 Qe7 21.
Nd6 Nfd5 22. Ne4 Qe5 23. Rfe1 Qxf5 24. Nd6 Qd7 25. Nc4 Qc7 26. Re4 Rfe8 27. Rg4
Re6 28. Qb2 Nf6 29. Rgd4 Rae8 30. Nxa5 Qxa5 31. Qxb4 Re1+ 32. Rxe1 Rxe1+ 33. Bf1
Qxb4 34. Rxb4 Re7 35. a5 Nd5 36. Rb3 Kf8 37. Kg2 Ke8 38. a6 b5 39. Bxb5 cxb5 40.
Rxb5 Nc7 41. a7 Kd7 42. Rd5+ Kc6 43. Rd8 Kb7 44. Rg8 g6 45. g4 Kxa7 46. Rh8 Kb6
47. Rxh6 Kc5 48. h4 Nd5 49. Kg3 Kd4 50. h5 gxh5 51. Rxh5 Ke4 52. Rf5 Ra7 53. f3+
Kd4 54. g5 Ne3 55. Rf4+ Kd3 56. Rf6 Nd5 57. Rf5 Kd4 58. g6 fxg6 59. Rg5 Ra6 60.
Kf2 Rf6 61. Rg4+ Nf4 62. Kg3 Ke3 63. Rg5 Nd3 64. Ra5 Rxf3+ 65. Kg4 Rf1 66. Kg5
Rg1+ 67. Kf6 Nf4 68. Ra3+ Ke4 69. Ra4+ Kf3 70. Ra5 Rd1 71. Rg5 Rd6+ 72. Ke7 Rd5
73. Rxd5 Nxd5+ 0-1

[Event "World Blitz 2025"]
[Site "Doha QAT"]
[Date "2025.12.30"]
[Round "15.80"]
[White "Averin, Nikolay"]
[Black "Harshavardhan, G B"]
[Result "0-1"]
[WhiteTitle "FM"]
[BlackTitle "IM"]
[WhiteElo "2389"]
[BlackElo "2477"]
[WhiteFideId "24250473"]
[BlackFideId "25059009"]
[EventDate "2025.12.29"]

1. e4 e6 2. d4 d5 3. e5 c5 4. c3 Bd7 5. Nf3 Ne7 6. Na3 Nf5 7. Bd3 cxd4 8. cxd4
Qb6 9. O-O Nc6 10. Nc2 Be7 11. g3 Rc8 12. Kg2 f6 13. exf6 Bxf6 14. Bxf5 exf5 15.
Re1+ Kf7 16. Bg5 Rhe8 17. Bxf6 gxf6 18. Qd2 Kg7 19. Ne3 Be6 20. Nh4 Ne7 21. Rac1
Qd6 22. Rxc8 Rxc8 23. Nd1 Ng6 24. Nxg6 hxg6 25. Nc3 Bf7 26. Qe3 Re8 27. Qd2 Rh8
28. h4 f4 29. Nb5 Qd7 30. Nc3 fxg3 31. fxg3 Be6 32. Qf4 Bf5 33. Qe3 Kf7 34. Qf3
Rd8 35. Kf2 b5 36. a3 a5 37. Qf4 b4 38. axb4 axb4 39. Nd1 Be4 40. Qh6 Qf5+ 41.
Qf4 Qh3 42. Ke3 Re8 43. Kd2 Qg2+ 44. Nf2 Rc8 45. Rc1 Rxc1 46. Kxc1 Qf1+ 47. Kd2
Qc4 48. Ke1 Qxd4 49. Ng4 Ke6 50. Qc7 Qg1+ 51. Kd2 Qg2+ 52. Kc1 Qf1+ 53. Kd2 Qd3+
54. Kc1 Qb1+ 55. Kd2 Qxb2+ 56. Ke1 Qc3+ 57. Qxc3 bxc3 58. Nf2 f5 59. Nh3 d4 60.
Nf4+ Kf6 61. Ne2 Ke5 62. Nf4 d3 63. Nxg6+ Kd4 64. Nf4 Ke5 0-1

[Event "World Blitz 2025"]
[Site "Doha QAT"]
[Date "2025.12.30"]
[Round "15.81"]
[White "Sindarov, Islombek"]
[Black "Aditya, Mittal"]
[Result "1/2-1/2"]
[WhiteTitle "CM"]
[BlackTitle "GM"]
[WhiteElo "2129"]
[BlackElo "2624"]
[WhiteFideId "14205475"]
[BlackFideId "35042025"]
[EventDate "2025.12.29"]

1. e4 c5 2. Nc3 d6 3. g3 Nc6 4. Bg2 g6 5. Nge2 Bg7 6. O-O e6 7. d3 Nge7 8. Be3
O-O 9. Qd2 a6 10. Bh6 b5 11. Bxg7 Kxg7 12. Nd1 Bb7 13. f4 Qd7 14. c3 f5 15. Nf2
a5 16. d4 cxd4 17. Nxd4 Nxd4 18. Qxd4+ Kg8 19. Rad1 Rad8 20. Rfe1 Rf7 21. Qb6 a4
22. exf5 Nxf5 23. Bxb7 Rb8 24. Qc6 Qxb7 25. Qxb7 Rfxb7 26. Rxe6 Kf7 27. Re4 b4
28. cxb4 Rxb4 29. Rxb4 Rxb4 30. Rd2 Ne3 31. Nd3 Rd4 32. b3 a3 33. Kf2 Nd5 34. b4
Nxb4 35. Ke3 Rc4 36. Nxb4 Rxb4 37. Rxd6 Rb2 38. Rd7+ Kf6 39. Rxh7 Rxa2 40. Ra7
Rxh2 41. Rxa3 Rb2 42. Ra6+ Kf7 43. Kf3 Rb5 44. Kg4 Rc5 45. Rd6 Rb5 46. Kf3 Rb3+
47. Kg4 Rb5 48. Kh4 Rh5+ 49. Kg4 Rb5 1/2-1/2

[Event "World Blitz 2025"]
[Site "Doha QAT"]
[Date "2025.12.30"]
[Round "15.82"]
[White "Dudin, Gleb"]
[Black "Al Hosani, Omran"]
[Result "1-0"]
[WhiteTitle "GM"]
[BlackTitle "IM"]
[WhiteElo "2585"]
[BlackElo "2340"]
[WhiteFideId "34184934"]
[BlackFideId "9308733"]
[EventDate "2025.12.29"]

1. e4 e6 2. Qe2 c5 3. g3 Nc6 4. Bg2 g6 5. c3 Bg7 6. f4 Nge7 7. Nf3 d5 8. d3 b5
9. h4 b4 10. h5 bxc3 11. bxc3 h6 12. hxg6 fxg6 13. e5 Qa5 14. Bd2 Qa4 15. c4 d4
16. Qd1 Qa6 17. a4 O-O 18. Na3 Nf5 19. Kf2 Ne3 20. Bxe3 dxe3+ 21. Kxe3 Bb7 22.
Nb5 Rad8 23. Nc7 Qa5 24. Nxe6 Nd4 25. Nxg7 Kxg7 26. Nxd4 cxd4+ 27. Kf2 Bxg2 28.
Kxg2 Rb8 29. Qe2 Qc3 30. Rab1 Qa3 31. e6 Kh7 32. e7 Rxb1 33. exf8=N+ 1-0

[Event "World Blitz 2025"]
[Site "Doha QAT"]
[Date "2025.12.30"]
[Round "15.83"]
[White "Cunha, Lucas Aguiar"]
[Black "Nainys, Zanas"]
[Result "1-0"]
[WhiteTitle "FM"]
[WhiteElo "2263"]
[BlackElo "2307"]
[WhiteFideId "2125404"]
[BlackFideId "12844098"]
[EventDate "2025.12.29"]

1. e4 e6 2. d4 d5 3. e5 c5 4. c3 Qb6 5. Nf3 Nc6 6. Be2 Nh6 7. Bxh6 gxh6 8. Qd2
Rg8 9. O-O Bd7 10. Na3 cxd4 11. cxd4 Qb4 12. Qd3 Rg7 13. Nb5 Rc8 14. a3 Qa5 15.
Rac1 Qb6 16. Qe3 a6 17. Nd6+ Bxd6 18. exd6 Kf8 19. Qxh6 Nxd4 20. Rxc8+ Bxc8 21.
Nxd4 Qxd4 22. Rc1 Bd7 23. Rc7 Ke8 24. Rxb7 Bc6 25. Rc7 Bb5 26. Bxb5+ axb5 27.
Qc1 Qb6 28. Re7+ Kd8 29. Qc7+ Qxc7 30. dxc7+ Kc8 31. f4 h5 32. Kf2 h4 33. b3 Kb7
34. a4 bxa4 1-0

[Event "World Blitz 2025"]
[Site "Doha QAT"]
[Date "2025.12.30"]
[Round "15.84"]
[White "Al Mashikhi, Salim Aliyan"]
[Black "Nikitenko, Mihail"]
[Result "1-0"]
[WhiteTitle "FM"]
[BlackTitle "GM"]
[WhiteElo "1952"]
[BlackElo "2476"]
[WhiteFideId "22000046"]
[BlackFideId "13506862"]
[EventDate "2025.12.29"]

1. c4 g6 2. Nf3 Bg7 3. Nc3 c5 4. e3 d6 5. Be2 Nc6 6. O-O Nf6 7. d4 O-O 8. d5 Na5
9. Bd2 e6 10. e4 a6 11. a3 exd5 12. exd5 b6 13. Rb1 Bf5 14. Ra1 Re8 15. Nh4 Bd7
16. b4 Nb7 17. Nf3 Rc8 18. Bd3 Bg4 19. h3 Bxf3 20. Qxf3 Nd7 21. Rae1 Ne5 22. Qg3
cxb4 23. axb4 Nxc4 24. Rxe8+ Qxe8 25. Re1 Qd7 26. Bxc4 Rxc4 27. Ne4 b5 28. Qg5
Qf5 29. Nf6+ 1-0

[Event "World Blitz 2025"]
[Site "Doha QAT"]
[Date "2025.12.30"]
[Round "15.109"]
[White "Fandi, Mazen"]
[Black "Bai, Adelard"]
[Result "1/2-1/2"]
[WhiteTitle "FM"]
[BlackTitle "IM"]
[WhiteElo "2304"]
[BlackElo "2417"]
[WhiteFideId "7611625"]
[BlackFideId "16301188"]
[EventDate "2025.12.29"]

1. e4 c5 2. Nf3 Nc6 3. d4 cxd4 4. Nxd4 Qb6 5. Nb3 e6 6. Be3 Qc7 7. c4 Nf6 8.
N1d2 d5 9. cxd5 exd5 10. Bd3 Bd6 11. h3 O-O 12. O-O Ne5 13. Rc1 Qd8 14. Bb1 Ng6
15. Nd4 Bd7 16. Re1 Re8 17. Qb3 dxe4 18. Qxb7 Rb8 19. Qa6 Be5 20. N2b3 Nd5 21.
Bd2 e3 22. Bxe3 Nxe3 23. Rxe3 Bf4 24. Rxe8+ Qxe8 25. Rd1 Nh4 26. Qxa7 Rd8 27.
Qb7 g6 28. Qe4 Be5 29. Re1 Bxd4 30. Qxe8+ Bxe8 31. Nxd4 Rxd4 32. Rxe8+ Kg7 33.
Re1 Rd2 34. b3 Rb2 35. Rd1 h5 36. Be4 Rxa2 37. Rb1 Ra6 38. b4 Rb6 39. b5 Kf6 40.
Kf1 Ke5 41. Bc6 Nf5 42. Re1+ Kd6 43. Rd1+ Ke5 44. Rd5+ Ke6 45. Ke1 Ne7 46. Rc5
Kd6 47. Rc2 Nxc6 48. bxc6 Rxc6 49. Rxc6+ Kxc6 50. Kd2 Kd5 51. Ke3 Ke5 52. h4 f6
53. g3 g5 54. hxg5 fxg5 55. f4+ Kf5 56. fxg5 Kxg5 57. Kf3 Kf5 58. Kf2 Kg4 59.
Kg2 h4 60. gxh4 Kxh4 1/2-1/2

[Event "World Blitz 2025"]
[Site "Doha QAT"]
[Date "2025.12.30"]
[Round "15.110"]
[White "Ezat, Mohamed"]
[Black "Alhassadi, Yousef A."]
[Result "0-1"]
[WhiteTitle "IM"]
[BlackTitle "FM"]
[WhiteElo "2294"]
[BlackElo "2098"]
[WhiteFideId "10600906"]
[BlackFideId "9204725"]
[EventDate "2025.12.29"]

1. d4 Nf6 2. c4 e6 3. Nc3 Bb4 4. e3 O-O 5. a3 Bxc3+ 6. bxc3 d6 7. Bd3 e5 8. Ne2
c5 9. f3 Nc6 10. O-O b6 11. e4 Ba6 12. Bg5 h6 13. Bh4 g5 14. Bf2 Na5 15. Ng3
Bxc4 16. Bxc4 Nxc4 17. h4 Nh7 18. Nf5 Qf6 19. g4 Rad8 20. d5 Kh8 21. Qe2 b5 22.
a4 a6 23. Kg2 h5 24. hxg5 Qg6 25. Rh1 hxg4 26. fxg4 Qxg5 27. Rh5 Qg6 28. Rah1
Rg8 29. Rxh7+ Qxh7 30. Rxh7+ Kxh7 31. Bh4 Rb8 32. g5 Kg6 33. Ne7+ Kg7 34. Nxg8
Kxg8 35. axb5 Rxb5 36. Qg4 Ne3+ 37. Kf3 Nxg4 38. Kxg4 Rb3 39. g6 fxg6 40. Be7
Rxc3 41. Bxd6 Rd3 42. Bxe5 a5 43. d6 Kf7 44. Kg5 a4 45. Bb2 Rxd6 0-1

[Event "World Blitz 2025"]
[Site "Doha QAT"]
[Date "2025.12.30"]
[Round "15.111"]
[White "Aziz, Husain"]
[Black "George Samir, David"]
[Result "0-1"]
[WhiteTitle "IM"]
[BlackTitle "IM"]
[WhiteElo "2256"]
[BlackElo "2343"]
[WhiteFideId "12100293"]
[BlackFideId "10657789"]
[EventDate "2025.12.29"]

1. d4 Nf6 2. Nf3 e6 3. Bf4 c5 4. e3 Qb6 5. Na3 cxd4 6. Nc4 Qb4+ 7. c3 dxc3 8. a3
c2+ 9. axb4 cxd1=Q+ 10. Kxd1 Ne4 11. Nb6 Nxf2+ 12. Ke2 Nxh1 13. Nxa8 d6 14. Rxa7
Nc6 15. Ra1 e5 16. Bg5 f6 17. b5 Nb4 18. Nb6 Bf5 19. Ra8+ Kf7 20. Bh4 g5 21. Be1
Bd3+ 22. Kd1 Bxf1 23. Bxb4 Bxg2 24. Nd2 Rg8 25. Ndc4 Nf2+ 26. Ke2 Ne4 27. Rb8
Kg6 28. Nd7 Kf7 29. Nxf8 Rxf8 30. Rxf8+ Kxf8 31. Nxd6 Nxd6 32. Bxd6+ 0-1